00929nam a22002537a 45000010005000000030006000050050017000110080041000280200018000690400029000870500017001160820013001331000026001462450057001722600045002293000050002744900015003245050008003395200143003475210021004905210020005116500056005316500088005879242FISKH20251204123644.0251204b cb ||||| |||| 00| 0 eng d a9780516279107 aFISKHbengcFISKHdFISKH a KF4750 .D49 a342.7308 aDitchfield, Christin  aKnowing your civil rights / cBy Christin Ditchfield aNew York : bChildren's Press , c2004 . a47 pages : bcolor illustrations ; c21 cm .  aTrue Book  aX  aIntroduces children to the concept of civil rights, explaining what they are, how they are protected, and what can be done to uphold them.8 a890 bLexile 8 aX bRaz-Plus  aCilvil rights- United States vJuvenile Literature  aCilvil rights movement- United States- History- 20th Century vJuvenile Literature